Nicolás y la sombra
保存先:
| 第一著者: | |
|---|---|
| フォーマット: | 図書 |
| 言語: | スペイン語 |
| 出版事項: |
Buenos Aires
Fondo Editorial Rionegrino
1989
|
| シリーズ: | Colección Pájaros Celestes
|
| 主題: | |
| タグ: |
タグ追加
タグなし, このレコードへの初めてのタグを付けませんか!
|
MARC
| LEADER | 00000nam a2200000 a 4500 | ||
|---|---|---|---|
| 001 | UCW5102 | ||
| 003 | CL-VaPUC | ||
| 005 | 20250417094326.0 | ||
| 008 | 901129e19890000AG |||||||||||||||||spa|d | ||
| 999 | |c 218613 |d 218611 | ||
| 040 | |c Pontificia Universidad Católica de Valparaíso | ||
| 082 | 0 | 4 | |a 863 |b RIT |2 21 |
| 100 | 0 | |a Rithner, Juan Raúl |e author |9 309959 | |
| 245 | 1 | 0 | |a Nicolás y la sombra |
| 260 | |a Buenos Aires |b Fondo Editorial Rionegrino |c 1989 | ||
| 300 | |a 22 p | ||
| 490 | 0 | |a Colección Pájaros Celestes | |
| 583 | |a last modification |c 20120731 08:49:00 |k Rodrigo Vera | ||
| 650 | 0 | |a Literatura infantil Argentina |9 307465 |x Cuentos | |
| 942 | |c BK |2 ddc | ||
| 945 | |d 19901129 00:00:00 | ||
| 952 | |0 0 |1 0 |4 0 |6 863_000000000000000_RIT_1989 |7 0 |8 A |9 208416 |a BIBEDU |b BIBEDU |d 2019-11-15 |i 2763397 |o 863 RIT 1989 |p 2763397 |r 2019-11-15 |w 2019-11-15 |y BK |k EDU | ||